The Dark side of Gandhi (Record no. 13177)

MARC details
000 -LEADER
fixed length control field 00407nam a22001697a 4500
003 - CONTROL NUMBER IDENTIFIER
control field OSt
008 - FIXED-LENGTH DATA ELEMENTS--GENERAL INFORMATION
fixed length control field 250307b |||||||| |||| 00| 0 eng d
020 ## - INTERNATIONAL STANDARD BOOK NUMBER
International Standard Book Number 9798889755876
082 ## - DEWEY DECIMAL CLASSIFICATION NUMBER
Classification number 923.254 ROT
100 ## - MAIN ENTRY--PERSONAL NAME
Personal name Roychoudhary, Hari Pada
245 ## - TITLE STATEMENT
Title The Dark side of Gandhi
250 ## - EDITION STATEMENT
Edition statement 2nd
260 ## - PUBLICATION, DISTRIBUTION, ETC. (IMPRINT)
Place of publication, distribution, etc India
Name of publisher, distributor, etc Notion Press
Date of publication, distribution, etc 2023
300 ## - PHYSICAL DESCRIPTION
Extent 242
650 ## - SUBJECT ADDED ENTRY--TOPICAL TERM
Topical term or geographic name as entry element PHARMACY GENERAL BOOKS
942 ## - ADDED ENTRY ELEMENTS (KOHA)
Source of classification or shelving scheme Dewey Decimal Classification
Koha item type Text Books
Holdings
Withdrawn status Lost status Source of classification or shelving scheme Damaged status Not for loan Collection code Home library Current library Date acquired Source of acquisition Currency Cost, normal purchase price Bill Number Total Checkouts Full call number Acc. no. / Barcode Date last seen Date last borrowed Actual Cost, discounted price Bill Date Koha item type
    Dewey Decimal Classification     Diploma in Pharmacy PIET C-LIBRARY PIET C-LIBRARY 18/02/2025 Zafaa Books Distributres In Rupees 335.00 ZBDO499 2 923.254 ROT DP1401 01/05/2025 17/04/2025 318.25 17/02/2025 Text Books
    Dewey Decimal Classification     Diploma in Pharmacy PIET C-LIBRARY PIET C-LIBRARY 18/02/2025 Zafaa Books Distributres In Rupees 335.00 ZBDO499   923.254 ROT DP1402 07/03/2025   318.25 17/02/2025 Text Books

Design & Developed by: PIET Central Library
R70 Miles Stone Pattikalyana Samalkha Panipat 132102
mail ID :- [email protected], Phone No:- 0180-2569700 Ex.216